| 000 | 00505nam a22001817a 4500 | ||
|---|---|---|---|
| 005 | 20250508090701.0 | ||
| 008 | 250508b ||||| |||| 00| 0 eng d | ||
| 040 | _cSSBUL | ||
| 041 | _aEnglish | ||
| 082 |
_223 _a813 Hi _b25428 S-RH |
||
| 100 | 1 |
_aHiaasen, Carl. _959510 |
|
| 245 | 1 | 0 |
_aBad Monkey / _cCarl Hiaasen. |
| 260 |
_aNew York: _bGrand Central publishing, _c2013. |
||
| 300 |
_a386 pages; _c21 cm. |
||
| 500 | _aS-RH: Mr. Ron Halsey Collection | ||
| 650 | _aAmerican fiction | ||
| 942 |
_2ddc _cBK1 |
||
| 999 |
_c43427 _d43427 |
||